Statistiques concernant Les 14 entreprises les plus riches du monde - 2021

Cliquez ici pour prendre le quiz!

Statistiques générales

  • Ce quiz a été pris 480 fois
  • Le résultat moyen est 5 sur 14

Statistiques - réponses

RangValeur (en milliard de $)RéponseIndustrie% Correct
2_2 213Apple inc.Eléctronique, informatique
95%
4_1 596Amazon.incVendeur / distributeur en ligne
90%
3_1 653MicrosoftDéveloppement de logiciels
84%
7_834Tesla inc.Automobile et énergie solaire
71%
8_757FacebookInternet
66%
6_1 203Alphabet Inc.Internet
41%
10_620Alibaba GroupInternet
30%
13_421JPMorgan ChaseSecteur bancaire
17%
12_475Visa Inc.Services financiers
17%
9_738TencentInternet
13%
1_2 458Saudi AramcoExtraction / raffinage de pétrole et de gaz
11%
14_421Johnson & JohnsonProduits pharmaceutiques
5%
11_546Berkshire Hathaway Inc.Assurances, finances, transport ferroviaire, services publics, produits alimentaire et non-alimentaires.
2%
5_1 435Delta ElectronicsEléctronique et automatisation
1%

Distribution des résultats

Percentile par nombre de réponses

% des personnes avec chaque résultat

Votre développement - résultats

Vous n’avez pas pris ce quiz